Normal view
MARC view
- Karlson, G.G .
Entry Personal Name
001 - CONTROL NUMBER
- control field: 1755
003 - CONTROL NUMBER IDENTIFIER
- control field: OSt
005 - DATE AND TIME OF LATEST TRANSACTION
- control field: 20161014102415.0
008 - FIXED-LENGTH DATA ELEMENTS
- fixed length control field: 161014|| aca||aabn | a|a d
040 ## - CATALOGING SOURCE
- Original cataloging agency: OSt
- Transcribing agency: OSt
100 ## - HEADING--PERSONAL NAME
- Personal name: Karlson, G.G .
670 ## - SOURCE DATA FOUND
- Source citation: Work cat.: (OSt)1794: Karlson, G.G ., Wooden Structure / , 1967.
